Statistiques concernant Stations de Metro de Barcelone (Espagne)

Cliquez ici pour prendre le quiz!

Statistiques générales

  • Ce quiz a été pris 505 fois
    (317 depuis la dernière actualisation)
  • Le résultat moyen est 46 sur 193

Statistiques - réponses

Réponse% Correct
Sagrada Familia
63%
Barceloneta
59%
Diagonal
52%
Liceu
51%
Passeig de gracia
51%
Passeig de Gracia
51%
Urquinaona
51%
Arc de Triomf
48%
Universitat
48%
Placa Catalunya
47%
Jaume I
46%
Badal
44%
Drassanes
44%
Paral Lel
43%
Poble Sec
42%
Sants Estacio
42%
Trinitat Nova
40%
Lesseps
39%
Zona Universitaria
39%
Placa Espanya
37%
Verdaguer
37%
Urgell
36%
La Pau
34%
Sant Antoni
34%
Gracia
33%
Poble Nou
33%
Tarragona
33%
Vall d'Hebron
33%
Fontana
32%
Sarria
32%
Aeroport T1
31%
Aeroport T2
31%
Hospital de Bellvitge
31%
Rocafort
31%
Bogatell
30%
Clot
30%
Girona
30%
Marina
30%
Placa de Sants
30%
Reina Elisenda
30%
reina Elisenda
30%
Alfons X
29%
Bellvitge
29%
Fondo
29%
Les Corts
29%
Maria Cristina
29%
CollBlanc
28%
Collblanc
28%
La Sagrera
28%
Tetuan
28%
Avinguda Tibidabo
27%
El Maresme/Forum
27%
Glories
27%
Hospital Clinic
27%
Joanic
27%
Mercat Nou
27%
Monumental
26%
Palau reial
26%
Placa del centre
24%
Badalona Pompeu Fabra
23%
Horta
23%
Vallcarca
23%
Besos
22%
Europa
22%
Llacuna
22%
Florida
21%
Santa Eulalia
21%
Fira
20%
Mas Blau
20%
Torrassa
20%
Trinitat Vella
20%
El Carmel
19%
El Prat Estacio
19%
Hostafrancs
19%
Maragall
19%
Mercabarna
19%
Navas
19%
Bac de Roda
18%
Cornella Centre
18%
Provenca
18%
Besos Mar
17%
Can Zam
17%
Congrès
17%
Entenca
17%
Fabra i Puig
17%
Guinardo
17%
Les tres Torres
16%
L'Hospitalet
16%
Sant Boi
16%
Sant Gervasi
16%
Villapicina
16%
Virrei Amat
16%
Camp de l'Arpa
14%
Encants
14%
Montbau
14%
Mundet
14%
Muntaner
14%
Sant Andreu
14%
Sant Marti
14%
Valldaura
14%
Can Serra
13%
Ciutadella i Villa Olimpica
13%
El Putxet
13%
Placa Molina
13%
Santa Coloma
13%
Sant Pau Dos de Maig
13%
Can Vidalet
12%
El Coll La teixonera
12%
Foc
12%
Gorg
12%
La Bonanova
12%
Penitents
12%
Roquetes
12%
Torras i Bages
12%
Via Julia
12%
Bon Pastor
11%
Ciutat Meridiana
11%
Ernest Lluch
11%
Ildefons Cerda
11%
Lluc Major
11%
Parc Logistic
11%
Pep ventura
11%
Pubilla Cases
11%
Selva Del Mar
11%
Singuerlin
11%
Baro de Viver
10%
Canyelles
10%
Centric
10%
Gavarra
10%
Magoria - La Campana
10%
Moli Nou
10%
Padua
10%
Sant Ildefons
10%
Sant Roc
10%
Verneda
10%
Zona Franca
10%
Can Boixeres
9%
Can Cuias
9%
Parc Nou
9%
Rambla Just Oliveras
9%
Almeda
8%
Avinguda Carillet
8%
Can Peixauet
8%
Can Tries
8%
Casa De l'Aigua
8%
Cornella - Riera
8%
Esglesia Major
8%
Foneria
8%
Gornal
8%
La Salut
8%
Les Moreres
8%
Llefia
8%
Santa Rosa
8%
Sant Josep
8%
Torre Baro
8%
Artigues i Sant Adria
7%
Onze de Septembre
7%

Distribution des résultats

Percentile par nombre de réponses

% des personnes avec chaque résultat

Votre développement - résultats

Vous n’avez pas pris ce quiz depuis la dernière actualisation